[Event "BEL-chT 2223"]
[Site "Belgium"]
[Date "2023.02.12"]
[Round "7.4"]
[White "Le Quang, Kim"]
[Black "Petrov, Marij"]
[Result "0-1"]
[WhiteElo "2268"]
[BlackElo "2454"]
[PlyCount "64"]
[EventDate "2022.09.25"]
[EventType "team-tourn"]
[EventRounds "11"]
[EventCountry "BEL"]
[SourceTitle "CBM 213 Extra"]
[Source "ChessBase"]
[SourceDate "2023.05.31"]
[SourceVersion "1"]
[SourceVersionDate "2023.05.31"]
[SourceQuality "1"]
[WhiteTeam "Charleroi CREC"]
[BlackTeam "Tal"]
[WhiteTeamCountry "BEL"]
[BlackTeamCountry "BEL"]

1. c4 g6 2. g3 Bg7 3. Bg2 d6 4. Nc3 e5 5. e4 c6 6. Nge2 Be6 7. d3 Ne7 8. Be3 f5 9. Qd2 0-0 10. b3 Nd7 11. 0-0 Nf6 12. Bg5 d5 13. exd5 cxd5 14. Rad1 Qd7 15. Rfe1 Rac8 16. Bh6 Rfd8 17. Bxg7 Kxg7 18. Qb2 d4 19. Nb1 g5 20. Nd2 Ng6 21. Nc1 g4 22. a4 h5 23. a5 h4 24. b4 hxg3 25. hxg3 f4 26. gxf4 exf4 27. Ncb3 f3 28. Nc5 Rxc5 29. bxc5 fxg2 30. Rb1 Nf4 31. Ne4 Rh8 32. Ng3 Nxd3 0-1

[Event "Paris-ch IdF"]
[Site "Paris"]
[Date "2022.07.17"]
[Round "9"]
[White "Petre, Nad Titus"]
[Black "Le Quang, Kim"]
[Result "1-0"]
[WhiteElo "2286"]
[BlackElo "2271"]
[PlyCount "61"]
[EventDate "2022.07.12"]
[EventType "swiss"]
[EventRounds "9"]
[EventCountry "FRA"]
[SourceTitle "CBM 209 Extra"]
[Source "ChessBase"]
[SourceDate "2022.09.30"]
[SourceVersion "1"]
[SourceVersionDate "2022.09.30"]
[SourceQuality "1"]

1. c4 f5 2. Nc3 Nf6 3. d3 e5 4. g3 g6 5. Bg2 d6 6. f4 Bg7 7. Nf3 Nc6 8. 0-0 0-0 9. e3 Bd7 10. Rb1 Re8 11. Nd5 a5 12. Bd2 h6 13. fxe5 dxe5 14. Nh4 Kh7 15. e4 f4 16. gxf4 Nxd5 17. cxd5 Nd4 18. Nf3 exf4 19. h3 g5 20. Bc3 c5 21. Bxd4 cxd4 22. Rc1 Ra6 23. Qe1 h5 24. h4 Bh6 25. hxg5 Bxg5 26. e5 Bf5 27. e6 Rg8 28. Qe5 Bh3 29. Qe4+ Kh6 30. Bxh3 Rb6 31. Rc2 1-0

[Event "Francophonie-ch blitz 7th"]
[Site "Paris"]
[Date "2019.08.10"]
[Round "7"]
[White "Sochacki, Christophe"]
[Black "Le Quang, Kim"]
[Result "1-0"]
[WhiteElo "2478"]
[BlackElo "2252"]
[PlyCount "75"]
[EventDate "2019.08.10"]
[EventType "swiss (blitz)"]
[EventRounds "11"]
[EventCountry "FRA"]
[SourceTitle "CBM 191 Extra"]
[Source "ChessBase"]
[SourceDate "2019.09.30"]
[SourceVersion "1"]
[SourceVersionDate "2019.09.30"]
[SourceQuality "1"]

1. f4 d5 2. Nf3 g6 3. g3 Bg7 4. Bg2 c5 5. 0-0 Nc6 6. d3 Nf6 7. Qe1 d4 8. c3 0-0 9. Na3 Rb8 10. Nc4 b6 11. Nxd4 Nxd4 12. cxd4 cxd4 13. Ne5 Qd6 14. f5 Nd5 15. Nc4 Qd8 16. fxg6 hxg6 17. Bg5 Bb7 18. Rc1 Qd7 19. Qf2 Rbc8 20. h4 Ba8 21. Kh2 Nf6 22. Bxf6 Bxf6 23. Bh3 Qd5 24. Bxc8 Rxc8 25. Nxb6 axb6 26. Rxc8+ Kg7 27. Qf3 Qxf3 28. exf3 Bb7 29. Rb8 Ba6 30. Rd1 b5 31. Rb6 Bc8 32. Rxb5 Bd7 33. Rc5 Be6 34. b4 Bxa2 35. b5 e6 36. b6 Be7 37. b7 Bd6 38. Rc8 1-0

[Event "Francophonie-ch blitz 7th"]
[Site "Paris"]
[Date "2019.08.10"]
[Round "10"]
[White "Vedmediuc, Serghei"]
[Black "Le Quang, Kim"]
[Result "1-0"]
[WhiteElo "2459"]
[BlackElo "2252"]
[PlyCount "67"]
[EventDate "2019.08.10"]
[EventType "swiss (blitz)"]
[EventRounds "11"]
[EventCountry "FRA"]
[SourceTitle "CBM 191 Extra"]
[Source "ChessBase"]
[SourceDate "2019.09.30"]
[SourceVersion "1"]
[SourceVersionDate "2019.09.30"]
[SourceQuality "1"]

1. e4 c5 2. Nf3 d6 3. d4 cxd4 4. Nxd4 Nf6 5. Nc3 a6 6. f3 e5 7. Nb3 Be7 8. Be3 Be6 9. Qd2 0-0 10. 0-0-0 a5 11. a4 Nc6 12. g4 Nb4 13. g5 Nh5 14. Kb1 Rc8 15. Rg1 g6 16. Bb5 Qc7 17. Qf2 Nf4 18. Bxf4 exf4 19. h4 Rfd8 20. Nd5 Bxd5 21. exd5 Qxc2+ 22. Qxc2 Rxc2 23. Nxa5 Rh2 24. Rd4 Na6 25. Nxb7 Ra8 26. Rxf4 Bf8 27. Rc1 Bg7 28. Rc2 Rh1+ 29. Ka2 Be5 30. Re4 Ra7 31. Nd8 Ra8 32. Nc6 Bg3 33. Bxa6 Rxa6 34. a5 1-0

[Event "Charleroi op"]
[Site "Charleroi"]
[Date "2018.07.30"]
[Round "3"]
[White "Maerevoet, Sim"]
[Black "Le Quang, Kim"]
[Result "1-0"]
[WhiteElo "2115"]
[BlackElo "2261"]
[PlyCount "107"]
[EventDate "2018.07.28"]
[EventType "swiss"]
[EventRounds "9"]
[EventCountry "BEL"]
[SourceTitle "CBM 185 Extra"]
[Source "ChessBase"]
[SourceDate "2018.07.29"]
[SourceVersion "1"]
[SourceVersionDate "2018.07.29"]
[SourceQuality "1"]

1. c4 f5 2. f4 Nf6 3. Nf3 b6 4. g3 Bb7 5. Bg2 e6 6. 0-0 Be7 7. b3 0-0 8. Bb2 Qe8 9. Nc3 Qh5 10. e3 Qh6 11. Qe2 a6 12. Ne5 Ra7 13. Bxb7 Rxb7 14. Qg2 c6 15. a4 Rc7 16. Ba3 Bxa3 17. Rxa3 d6 18. Nf3 Re8 19. Raa1 g6 20. Rae1 Ne4 21. Rd1 Nd7 22. Nd4 d5 23. Nxe4 dxe4 24. d3 e5 25. Ne2 exd3 26. Rxd3 Nc5 27. Rd6 Ne4 28. Rd3 Rce7 29. Rfd1 Qg7 30. g4 exf4 31. Nxf4 Qe5 32. gxf5 Qxf5 33. Rd8 Rxd8 34. Rxd8+ Kf7 35. b4 Qf6 36. Rd4 Qe5 37. Nd3 Qe6 38. Nf4 Qf5 39. Qh3 Qg5+ 40. Kf1 Nf6 41. Rd6 Qe5 42. Rxc6 Qa1+ 43. Kg2 Qb2+ 44. Kf3 g5 45. Nd3 g4+ 46. Kf4 Qc3 47. Qh6 Qa1 48. Qh4 Qc3 49. Qg5 Re4+ 50. Kf5 Re6 51. Rc7+ Re7 52. Rxe7+ Kxe7 53. Qg7+ Ke8 54. Ne5 1-0

[Event "Paris-ch 93rd"]
[Site "Paris"]
[Date "2018.07.21"]
[Round "9"]
[White "Le Quang, Kim"]
[Black "Ravi, Teja Sanka"]
[Result "1/2-1/2"]
[WhiteElo "2261"]
[BlackElo "2360"]
[PlyCount "96"]
[EventDate "2018.07.14"]
[EventType "swiss"]
[EventRounds "9"]
[EventCountry "FRA"]
[SourceTitle "CBM 185 Extra"]
[Source "ChessBase"]
[SourceDate "2018.07.29"]
[SourceVersion "1"]
[SourceVersionDate "2018.07.29"]
[SourceQuality "1"]

1. c4 c6 2. Nf3 d5 3. e3 Nf6 4. Nc3 Bg4 5. Qb3 Qb6 6. Ne5 Qxb3 7. axb3 e6 8. Nxg4 Nxg4 9. Be2 Nf6 10. 0-0 Nbd7 11. d4 a6 12. f4 g6 13. Bd2 h5 14. Bf3 Be7 15. g3 Nb6 16. c5 Nc8 17. h3 Bd8 18. Kg2 Ne7 19. g4 Bc7 20. Rh1 0-0-0 21. Rag1 Rdg8 22. Kf1 Rh7 23. Be1 Rgh8 24. Bh4 Neg8 25. Bxf6 Nxf6 26. g5 Ng8 27. Be2 Ne7 28. h4 Nf5 29. Kf2 Re8 30. Bd3 Rhh8 31. b4 Kd7 32. Nb1 b6 33. Nd2 bxc5 34. bxc5 Rb8 35. Rb1 a5 36. b3 Rb4 37. Bxf5 exf5 38. Ra1 Rhb8 39. Ke2 a4 40. Rxa4 Rxa4 41. bxa4 Rb2 42. Rb1 Ra2 43. Kd3 Rxa4 44. Rb2 Ra3+ 45. Ke2 Ra1 46. Nf3 Kc8 47. Kf2 Ra3 48. Ke2 Ra1 1/2-1/2

[Event "BEL-chT 1718"]
[Site "Belgium"]
[Date "2018.04.29"]
[Round "11.3"]
[White "Le Quang, Kim"]
[Black "De Rover, Yong Hoon"]
[Result "1/2-1/2"]
[WhiteElo "2287"]
[BlackElo "2401"]
[PlyCount "89"]
[EventDate "2017.09.24"]
[EventType "team-tourn"]
[EventRounds "11"]
[EventCountry "BEL"]
[SourceTitle "EXT 2019"]
[Source "ChessBase"]
[SourceDate "2018.10.10"]
[SourceVersion "1"]
[SourceVersionDate "2018.10.10"]
[SourceQuality "1"]
[WhiteTeam "Charleroi CREC"]
[BlackTeam "Wachtebeke"]
[WhiteTeamCountry "BEL"]
[BlackTeamCountry "BEL"]

1. c4 Nf6 2. g3 g6 3. Bg2 Bg7 4. Nc3 0-0 5. e4 d6 6. Nge2 c5 7. 0-0 Nc6 8. d3 a6 9. h3 Rb8 10. a4 Ne8 11. Be3 Nd4 12. Rb1 Nc7 13. b4 Bd7 14. bxc5 dxc5 15. f4 Bc6 16. e5 Bxg2 17. Kxg2 f6 18. Ne4 Nce6 19. Nxc5 Nf5 20. Bf2 Nxc5 21. exf6 Qxd3 22. Qxd3 Nxd3 23. fxg7 Rfc8 24. Ba7 Ra8 25. Rxb7 Rxc4 26. Rfb1 Rxa4 27. g4 Nd6 28. Rxe7 Nb5 29. Be3 Ra2 30. Kf3 Rd8 31. Rf1 Nb4 32. f5 Nd5 33. Rd1 Rxe2 34. Rxd5 Rxe3+ 35. Kxe3 Rxd5 36. f6 Nd6 37. Ra7 Nf7 38. Rxa6 Re5+ 39. Kd4 Re8 40. h4 h6 41. Ra7 Rd8+ 42. Ke4 Re8+ 43. Kd5 Re5+ 44. Kd4 Re8 45. Kd5 1/2-1/2

[Event "BEL-chT 1718"]
[Site "Belgium"]
[Date "2017.10.22"]
[Round "3.4"]
[White "Le Quang, Kim"]
[Black "Van Haastert, Edwin"]
[Result "0-1"]
[WhiteElo "2287"]
[BlackElo "2446"]
[PlyCount "68"]
[EventDate "2017.09.24"]
[EventType "team-tourn"]
[EventRounds "11"]
[EventCountry "BEL"]
[SourceTitle "EXT 2019"]
[Source "ChessBase"]
[SourceDate "2018.10.10"]
[SourceVersion "1"]
[SourceVersionDate "2018.10.10"]
[SourceQuality "1"]
[WhiteTeam "Charleroi CREC"]
[BlackTeam "KGSRL"]
[WhiteTeamCountry "BEL"]
[BlackTeamCountry "BEL"]

1. c4 e5 2. Nc3 Bb4 3. Nd5 Bc5 4. Nf3 c6 5. Nc3 d6 6. d4 exd4 7. Nxd4 Nf6 8. e3 0-0 9. Be2 d5 10. 0-0 dxc4 11. Bxc4 Nbd7 12. a3 a5 13. Ba2 Ne5 14. f4 Ng6 15. Qd3 Qe7 16. Bd2 Rd8 17. Rae1 Qd6 18. Qc4 Qf8 19. Bc1 b5 20. Qe2 b4 21. Na4 Bxd4 22. exd4 bxa3 23. f5 Ba6 24. Bc4 Re8 25. Bxa6 Rxe2 26. Bxe2 axb2 27. Bxb2 Ne7 28. Ba3 Qd8 29. Bc5 Ned5 30. Bf3 Qb8 31. Rb1 Qf4 32. Rb3 Qd2 33. Rfb1 h5 34. Nb6 Re8 0-1

[Event "BEL-chT 1718"]
[Site "Belgium"]
[Date "2017.10.01"]
[Round "2.4"]
[White "Dgebuadze, Alexandre"]
[Black "Le Quang, Kim"]
[Result "1/2-1/2"]
[WhiteElo "2522"]
[BlackElo "2287"]
[PlyCount "39"]
[EventDate "2017.09.24"]
[EventType "team-tourn"]
[EventRounds "11"]
[EventCountry "BEL"]
[SourceTitle "EXT 2019"]
[Source "ChessBase"]
[SourceDate "2018.10.10"]
[SourceVersion "1"]
[SourceVersionDate "2018.10.10"]
[SourceQuality "1"]
[WhiteTeam "Wirtzfeld"]
[BlackTeam "Charleroi CREC"]
[WhiteTeamCountry "BEL"]
[BlackTeamCountry "BEL"]

1. e4 c5 2. Nf3 e6 3. d3 Nc6 4. g3 g6 5. Bg5 f6 6. Be3 d5 7. exd5 exd5 8. Qe2 Kf7 9. Bg2 d4 10. Bc1 Qe7 11. Qxe7+ Ngxe7 12. 0-0 Be6 13. a3 Nd5 14. Re1 Be7 15. Nbd2 Rad8 16. Ne4 h6 17. h4 Bc8 18. b3 Kg7 19. Bb2 Rhe8 20. Ned2 1/2-1/2